000 00368nam a2200169Ia 4500
003 0100
008 130307s9999 xx 000 0 und d
040 _cARRUPELIB
050 _aJC251.C31946
100 _aCassirer, Ernst
245 4 _aThe Myth of the State
260 _aNY
260 _bDoubleday Anchor Books
260 _c1946
300 _a382p
942 0 0 _07
999 _c82966
_d82966